Hazardous waste - the big squeeze (Record no. 117799)

MARC details
000 -LEADER
fixed length control field 01486cam a2200253 4500
001 - CONTROL NUMBER
control field ABS68075
008 - FIXED-LENGTH DATA ELEMENTS--GENERAL INFORMATION
fixed length control field 040730n2004 000 0 eng u
035 ## - SYSTEM CONTROL NUMBER
System control number (Sirsi) u126982
100 ## - MAIN ENTRY--PERSONAL NAME
Personal name Watkinson, R.
245 ## - TITLE STATEMENT
Title Hazardous waste - the big squeeze
260 ## - PUBLICATION, DISTRIBUTION, ETC.
Date of publication, distribution, etc. 2004
490 ## - SERIES STATEMENT
Series statement Energy and Environmental Management
Volume/sequential designation July/August 2004, 20(1)
520 ## - SUMMARY, ETC.
Summary, etc. Discusses the effect of the Landfill Directive (Directive 99/31/EC) when the ban on the co-disposal of hazardous and non hazardous wastes at many local landfill sites comes into force. Further changes are imminent with the introduction of the waste electrical and electronic equipment directive (Directive 02/96/EC) and the restriction of hazardous substances directive(Directive 02/95/EC). Urges the waste industry and businesses to take the opportunity to develop a more sustainable management of resources and waste. Provides contact details for Environment Agency guidance and information on permitted hazardous waste landfill sites. Provides details of NetRegs, www.netregs.gov.uk, for guidelines and further information for smaller businesses and Envirowise, www.envirowise.gov.uk, for support and advice on waste minimisation.
590 ## - LOCAL NOTE (RLIN)
Local note ABS
590 ## - LOCAL NOTE (RLIN)
Local note ABS
650 ## - SUBJECT ADDED ENTRY--TOPICAL TERM
Topical term or geographic name entry element HAZARDOUS WASTE
650 ## - SUBJECT ADDED ENTRY--TOPICAL TERM
Topical term or geographic name entry element DIRECTIVE 99/31/EC
650 ## - SUBJECT ADDED ENTRY--TOPICAL TERM
Topical term or geographic name entry element DIRECTIVE 02/96/EC
650 ## - SUBJECT ADDED ENTRY--TOPICAL TERM
Topical term or geographic name entry element DIRECTIVE 02/95/EC
650 ## - SUBJECT ADDED ENTRY--TOPICAL TERM
Topical term or geographic name entry element LANDFILL SITES
650 ## - SUBJECT ADDED ENTRY--TOPICAL TERM
Topical term or geographic name entry element WASTE MINIMISATION
690 ## - LOCAL SUBJECT ADDED ENTRY--TOPICAL TERM (OCLC, RLIN)
Topical term or geographic name as entry element WASTE MANAGEMENT
942 ## - ADDED ENTRY ELEMENTS (KOHA)
Suppress in OPAC 0
Holdings
Withdrawn status Lost status Source of classification or shelving scheme Damaged status Not for loan Home library Current library Shelving location Date acquired Total Checkouts Full call number Barcode Date last seen Copy number Price effective from Koha item type
    Dewey Decimal Classification     London London Journal article 30/07/2004   ABS68075 126982-1001 06/08/2019 1 06/08/2019 Journal article